| 000 | 00383nam a22001337a 4500 | ||
|---|---|---|---|
| 003 | OSt | ||
| 008 | 140419b xxu||||| |||| 00| 0 chi d | ||
| 041 | _achi | ||
| 245 | 1 | 0 | _aChinese postage stamps catalogue : Taiwan issues |
| 260 |
_aTaipei, Taiwan _bKuo An Stamps & Coins |
||
| 300 | _a448 pages | ||
| 650 | 0 | _aCatalogs and price lists--Taiwan | |
| 650 | 0 | _aPostage-stamps--Taiwan--Catalogs | |
| 999 |
_c527 _d527 |
||